| 000 | 00918nam a22002177a 4500 | ||
|---|---|---|---|
| 999 |
_c16628 _d16628 |
||
| 003 | AR-CdUCM | ||
| 008 | 190220b ||||| |||| 00| 0 spa d | ||
| 040 |
_aMUNICIPALIDAD PROVINCIAL DEL CUSCO _cBIBLIOTECA MUNICIPAL DEL CUSCO |
||
| 082 |
_a985.02 / _bP85 / 1943 |
||
| 100 |
_aPrescott, Guillermo H. _9133 |
||
| 245 |
_aHistoria de la conquista del Perú / _cCon observaciones preliminares sobre la civilización de los incas / |
||
| 260 |
_aBuenos Aires : _bIman, _c1943. |
||
| 300 |
_a632 páginas ; _c21 cm. |
||
| 440 |
_aColección historia y cultura de américa . _936185 |
||
| 505 | _aContenido : Observaciones preliminares sobre la civilización de los incas -- Aspecto físico del país -- Ordenes del estado -- Religión del Perú ... | ||
| 650 |
_aImperio de los incas. _9135 |
||
| 650 |
_aHistoria. _9136 |
||
| 650 |
_aÉpoca de la conquista. _9137 |
||
| 942 |
_2ddc _cLIBROS |
||
| 945 |
_arah _d04/05/2019 |
||